000 00874pam a2200289 a 4500
008
020 _a0632039019(pbk.)
049 _aMAIN
050 0 0 _aRC78 BAL
100 1 _aBall, John,
_cTDCR.
245 1 0 _aChesneys' radiographic imaging.
246 3 0 _aRadiographic imaging
250 _a6th ed. /
_bJohn Ball, Tony Price.
260 _aOxford ;
_aCambridge, Mass., USA :
_bBlackwell Science,
_c1995.
300 _axiv, 429 p. :
_bill. ;
_c25 cm.
504 _aIncludes bibliographical references.
500 _aIncludes Index.
650 0 _aRadiography, Medical.
650 1 2 _aRadiography.
700 1 _aPrice, Tony,
_cHDCR.
700 1 _aChesney, D. Noreen.
_tChesneys' radiographic imaging.
907 _a.b1025609x
_b17-12-09
_c22-05-08
003
005 20230123124914.0
040 _cNUST
942 _cBOOKS
999 _c132315
_d132315